Tissues Quiz Stats

 Plays Quiz not verified by Sporcle

Score 0/27 Timer 03:00
0 Plays Today
% Correct
Simple Cuboidal
72.3%
Cardiac Muscle
70.9%
Skeletal Muscle
68.9%
Simple Squamous
65.5%
Smooth Muscle
64.9%
Osteoblasts
64.2%
Simple Collumnar
61.5%
Exocrine Glands
58.8%
Pseudostratified Collumnar
56.1%
Neuroglia
54.7%
Extracellular Matrix
53.4%
Endocrine Glands
52%
Fibroblasts
52%
Transitional Epithelium
50.7%
% Correct
Mast Cells
50%
Squamous Epithelium
49.3%
Haemopoietic Stem Cells
49.3%
Chrondoblasts
48.6%
Astrocytes
46.6%
Ground Substance
44.6%
Merocrine glands
38%
Glandular Epithelium
37.8%
Holocrine glands
35.9%
Satelite and Schwan cells
33.8%
Ependymal cells
33.1%
Microglial Cells
31.8%
Oligodrocytes
29.7%

You're not logged in!

Compare scores with friends on all Sporcle quizzes.
OR
Log In

Sporcle TV

Today on Sporcle TV


Watch our educational content, quiz creation guides, and fun videos on Sporcle TV.

Show Comments

Extras

Top Quizzes Today


Score Distribution

Your Account Isn't Verified!

In order to create a playlist on Sporcle, you need to verify the email address you used during registration. Go to your Sporcle Settings to finish the process.

Report this User

Report this user for behavior that violates our Community Guidelines.

Details: